000 00781nam a22003010a 4500
001 PT57407
003 AR-LpoUNG
005 20210131231813.0
008 191001s2010||||ag |||||||||||||||||spa d
020 _a9789875040441
_c$6
040 _aAR-LpoUNG
_bspa
_cAR-LpoUNG
_eaacr
041 _aspa
044 _aag
082 0 _a808.068 3 182nue
100 1 _aFalconi, María Inés
245 1 3 _aEl nuevo
250 _a1ra. ed.
260 _aBuenos Aires :
_bQuipu,
_c2010.
300 _a79 p. :
_bil.
505 0 _aSugerido a partir de 8 años (etiqueta CELESTE)
650 4 _aLITERATURA
650 4 _aNOVELAS
651 4 _aDOCUMENTOS TEORICOS O METODOLOGICOS
653 _aLITERATURA INFANTIL
700 1 _aImboden, Brenda
_eil.
905 _a57407
942 _cLIB
999 _c12042
_d12042